[Event "St Petersburg Korchnoi Memorial op"]
[Site "St Petersburg"]
[Date "2024.08.18"]
[Round "3"]
[White "Ismailov, Magomed Dm"]
[Black "Kebedov, Ali"]
[Result "1-0"]
[WhiteElo "1849"]
[BlackElo "1592"]
[PlyCount "123"]
[EventDate "2024.08.17"]
[EventType "swiss"]
[EventRounds "9"]
[EventCountry "RUS"]
[SourceTitle "CBM 221 Extra"]
[Source "ChessBase"]
[SourceDate "2024.09.30"]
[SourceVersion "1"]
[SourceVersionDate "2024.09.30"]
[SourceQuality "1"]

1. e4 c5 2. Nf3 d6 3. Bb5+ Nc6 4. 0-0 Bd7 5. Re1 g6 6. c3 Bg7 7. h3 a6 8. Bf1 e6 9. d4 cxd4 10. cxd4 Qb6 11. e5 d5 12. Nc3 Nce7 13. Na4 Bxa4 14. Qxa4+ Nc6 15. b3 Qb4 16. Bd2 Qxa4 17. bxa4 h6 18. Rab1 Rb8 19. Rb6 Kd7 20. Reb1 Kc7 21. Bxa6 bxa6 22. Rxc6+ Kxc6 23. Rxb8 Ne7 24. Rxh8 Bxh8 25. Bxh6 Ng8 26. Bd2 f6 27. exf6 Bxf6 28. Kf1 Ne7 29. Ke2 Nf5 30. Kd3 Nd6 31. g4 Ne4 32. Be3 Kb6 33. Nd2 Nd6 34. Nb3 Nb7 35. Bf4 Be7 36. Bd2 Ba3 37. h4 Nd6 38. h5 gxh5 39. gxh5 Ne4 40. h6 Bf8 41. h7 Bg7 42. Bf4 Nxf2+ 43. Kc2 Ng4 44. Kd3 e5 45. dxe5 Nxe5+ 46. Kc2 Nc6 47. a3 a5 48. Bd2 d4 49. Kd3 Bh8 50. Kc4 Ne5+ 51. Kd5 Nc6 52. Nxd4 Ne7+ 53. Kc4 Ng6 54. Ne6 Kc6 55. Bc3 Kd6 56. Bxh8 Nxh8 57. Nd4 Ke5 58. Nc6+ Kf6 59. Nxa5 Kg7 60. Nc6 Nf7 61. Kc5 Ng5 62. a5 1-0